[Event "AUTO-INT-1101"]
[Site "http://www.queenalice.com/game.php?id=492184"]
[Date "2008.11.12"]
[Round "1"]
[White "fernandobecker"]
[Black "bigbem"]
[Result "1-0"]
[WhiteElo "1520"]
[BlackElo "1570"]

1. e4 e5 2. Nf3 f6 3. Bc4 Ne7 4. a3 c6 5. b4 b5 6. Bb3 d6 7. d3 g5 8. h3 d5 9.
exd5 cxd5 10. d4 e4 11. Ng1 Nbc6 12. Be3 Nf5 13. Qh5+ Ke7 14. Nc3 Be6 15. Nxb5
Rb8 16. Ba4 Ng7 17. Qe2 a6 18. Nc3 Qb6 19. h4 h6 20. hxg5 fxg5 21. Bxg5+ Kd7 22.
b5 Nxd4 23. Qd1 hxg5 24. Rxh8 Ngf5 25. Rb1 axb5 26. Bxb5+ Nxb5 27. Rxb5 Qa7 28.
Rxb8 Qxb8 29. Nxd5 Bxd5 30. Qxd5+ Nd6 31. Ne2 Qb1+ 32. Kd2 Ke7 33. Rh7+ Kd8 34.
Qa8+ Nc8 35. Qa5+ Nb6 36. Qxg5+ Kc8 37. Qf5+ Nd7 38. Qxd7+ Kb8 39. Qd8# 1-0

[Event "AUTO-INT-1101"]
[Site "http://www.queenalice.com/game.php?id=492195"]
[Date "2008.11.12"]
[Round "1"]
[White "Prosperidade"]
[Black "fernandobecker"]
[Result "1-0"]
[WhiteElo "1675"]
[BlackElo "1530"]

1. Nf3 Nf6 2. d4 d5 3. e3 a6 4. c4 e6 5. cxd5 Qxd5 6. Nc3 Bb4 7. Bd2 Qa5 8. a3
Bd6 9. Ne4 Qb6 10. Nxf6+ gxf6 11. b4 Qc6 12. Bd3 e5 13. O-O e4 14. Rc1 Qd5 15.
Bc4 Qh5 16. Ne5 Qxd1 17. Rfxd1 fxe5 18. Bc3 Rg8 19. dxe5 Be7 20. Bd5 Bf5 21.
Bxb7 Ra7 22. Bd5 Bh3 23. Bxe4 Nd7 24. g3 h5 25. Bc6 Bg4 26. Bd4 Bxd1 27. Bxa7
1-0

[Event "AUTO-INT-1101"]
[Site "http://www.queenalice.com/game.php?id=492196"]
[Date "2008.11.12"]
[Round "1"]
[White "fernandobecker"]
[Black "Prosperidade"]
[Result "0-1"]
[WhiteElo "1553"]
[BlackElo "1702"]

1. e4 e5 2. Qh5 d6 3. Bc4 g6 4. Qf3 Nf6 5. d3 a5 6. Bg5 Nbd7 7. Nc3 c6 8. O-O-O
b5 9. Nxb5 cxb5 10. Bxb5 Be7 11. Ne2 O-O 12. d4 Rb8 13. a4 Bb7 14. dxe5 Nxe5 15.
Qb3 Bxe4 16. Ng3 Bxg2 17. Rhe1 Qc7 18. Nf5 gxf5 19. Bh6 Rfc8 20. Qg3+ Ng6 21.
Rd2 Be4 22. f3 Bxc2 23. Qg2 Bxa4+ 24. Kb1 Rxb5 0-1

[Event "Challenge"]
[Site "http://www.queenalice.com/game.php?id=494495"]
[Date "2008.11.17"]
[Round "-"]
[White "fernandobecker"]
[Black "angeloagra"]
[Result "1-0"]
[WhiteElo "1508"]
[BlackElo "1487"]

1. e4 e5 2. Qh5 Nf6 3. Qxe5+ Be7 4. Qg3 d6 5. Qxg7 Rg8 6. Qh6 Nc6 7. d3 Bg4 8.
f3 Be6 9. Nc3 Rg6 10. Qe3 Nh5 11. d4 Bg5 12. Qf2 d5 13. exd5 Bxd5 14. Bxg5 Re6+
15. Nge2 Qxg5 16. h4 Qg6 17. g4 Qxc2 18. Nxd5 O-O-O 19. gxh5 Rxd5 20. Bh3 f5 21.
O-O Rxe2 22. Qg3 Rxd4 23. Rac1 Qd3 24. Qg8+ Nd8 25. Qxh7 Qe3+ 26. Kh1 Rdd2 27.
Qxc7# 1-0

[Event "SAP SL Chess II"]
[Site "http://www.queenalice.com/game.php?id=495208"]
[Date "2008.11.19"]
[Round "3"]
[White "tviaro"]
[Black "fernandobecker"]
[Result "1-0"]
[WhiteElo "1719"]
[BlackElo "1524"]

1. d4 d5 2. c4 Nf6 3. cxd5 Nxd5 4. e4 Nb6 5. Nc3 h6 6. Nf3 c6 7. Be3 e6 8. Bd3
Bb4 9. Ne5 N6d7 10. Nc4 b5 11. Nd2 Bxc3 12. bxc3 Qa5 13. Qc2 b4 14. cxb4 Qxb4
15. O-O Qe7 16. d5 exd5 17. exd5 c5 18. Rfe1 O-O 19. Bxh6 Qf6 20. Be3 Ba6 21.
Nb3 c4 22. Bxc4 Bxc4 23. Qxc4 Nb6 24. Bxb6 axb6 25. Re3 Nd7 26. Rae1 Rxa2 27.
R3e2 Raa8 28. h3 Nc5 29. Nxc5 bxc5 30. Qxc5 Ra1 31. d6 Rd8 32. d7 Rxe1+ 33. Rxe1
g6 34. Re8+ Kg7 35. Qf8+ 1-0

[Event "Challenge"]
[Site "http://www.queenalice.com/game.php?id=495852"]
[Date "2008.11.20"]
[Round "-"]
[White "fernandobecker"]
[Black "Claudio_C_A"]
[Result "0-1"]
[WhiteElo "1535"]
[BlackElo "1650"]

1. e4 e5 2. a3 Qf6 3. Nf3 Nc6 4. c3 b6 5. Qb3 Bb7 6. d3 h6 7. g4 Na5 8. Qd1 Qe6
9. Nfd2 O-O-O 10. b4 Nc6 11. h3 Qf6 12. a4 Nge7 13. a5 bxa5 14. bxa5 Ng6 15. a6
Ba8 16. c4 Bc5 17. f3 Qh4+ 18. Ke2 Nf4# 0-1

[Event "hank scorpio"]
[Site "http://www.queenalice.com/game.php?id=496353"]
[Date "2008.11.21"]
[Round "-"]
[White "carloscolangelo"]
[Black "fernandobecker"]
[Result "0-1"]
[WhiteElo "1435"]
[BlackElo "1494"]

1. h3 e5 2. e4 a6 3. Nf3 d5 4. exd5 Qxd5 5. Nc3 Qe6 6. b3 f6 7. Bc4 Qe7 8. O-O
Nc6 9. d3 Nh6 10. Bxh6 gxh6 11. Nd5 Qg7 12. c3 Bxh3 13. Nh4 Qg5 14. Nxc7+ Ke7
15. Nxa8 Qxh4 16. gxh3 Qxh3 17. Nc7 Rg8+ 18. Qg4 Rxg4# 0-1

[Event "Caidaço Boy vs Hank Scorpio"]
[Site "http://www.queenalice.com/game.php?id=499259"]
[Date "2008.11.27"]
[Round "-"]
[White "carloscolangelo"]
[Black "fernandobecker"]
[Result "0-1"]
[WhiteElo "1419"]
[BlackElo "1523"]

1. e4 e6 2. g3 a6 3. Nf3 b5 4. Bg2 Nc6 5. d3 h6 6. O-O h5 7. Bg5 f6 8. Bh4 g5 9.
Bxg5 fxg5 10. d4 Bg7 11. c3 g4 12. d5 gxf3 13. Qxf3 Ne5 14. Qe2 h4 15. gxh4 Qxh4
16. dxe6 Qxh2# 0-1

[Event "Moe's Tavern"]
[Site "http://www.queenalice.com/game.php?id=501182"]
[Date "2008.12.1"]
[Round "-"]
[White "fernandobecker"]
[Black "carloscolangelo"]
[Result "1-0"]
[WhiteElo "1520"]
[BlackElo "1425"]

1. e4 e5 2. d4 d6 3. Be3 exd4 4. Bxd4 c5 5. Bc3 Nf6 6. h3 Be6 7. f3 d5 8. e5 d4
9. Bd2 Nh5 10. Bb5+ Nd7 11. Na3 a6 12. Bd3 Nxe5 13. f4 Nxd3+ 14. cxd3 b5 15.
Qxh5 b4 16. Nc4 Bxc4 17. dxc4 Bd6 18. Qg4 O-O 19. O-O-O g6 20. f5 h5 21. Qg5 Be7
22. Qg3 Bh4 23. Qe5 Re8 24. Qxc5 Be7 25. Qe5 Bg5 26. Qg3 Bh4 27. Qf3 Rc8 28.
fxg6 Rxc4+ 29. Kb1 fxg6 30. Qb7 a5 31. Bh6 Re2 32. Qg7# 1-0

[Event "Challenge"]
[Site "http://www.queenalice.com/game.php?id=505552"]
[Date "2008.12.10"]
[Round "-"]
[White "angeloagra"]
[Black "fernandobecker"]
[Result "1-0"]
[WhiteElo "1504"]
[BlackElo "1522"]

1. e4 e5 2. c3 a6 3. d4 d6 4. Nf3 Bg4 5. Be2 Nf6 6. dxe5 dxe5 7. Qxd8+ Kxd8 8.
O-O Bd6 9. Rd1 Re8 10. Nbd2 h5 11. h3 Bd7 12. Ng5 Ke7 13. b4 b5 14. Rb1 a5 15.
a3 axb4 16. cxb4 Ra6 17. Rb3 Nc6 18. Bxb5 Ra7 19. Rc3 Nd4 20. Bd3 h4 21. Ndf3
Rh8 22. Be3 Rh5 23. g4 Rh8 24. Nxd4 exd4 25. Bxd4 Bf4 26. Bxa7 Bxg5 27. Bc5+ Kd8
28. f3 Ba4 29. Rb1 Nd7 30. Bd4 f6 31. Rbc1 Bxc1 32. Rxc1 Ne5 33. Be2 g5 34. Bd1
Bxd1 35. Rxd1 Nxf3+ 36. Kf2 Nxd4 37. Rxd4+ Kc8 38. b5 Rd8 39. Rxd8+ Kxd8 40. a4
c5 41. bxc6 Kc7 42. Ke3 Kxc6 43. Kd4 Kc7 44. Kc4 Kc6 45. Kb4 Kc7 46. a5 Kc6 47.
Kc4 Kc7 48. Kb5 Kd6 49. Kb6 Ke5 50. a6 Kf4 51. a7 Kg3 52. a8=Q Kxh3 53. Qc8 Kg3
54. Qf5 h3 55. Qxf6 h2 56. Qf1 Kxg4 57. e5 Kh5 58. e6 g4 59. e7 g3 60. e8=Q+ Kh4
61. Qg8 g2 62. Qfxg2 h1=Q 63. Qxh1# 1-0

[Event "SAP SL Chess III"]
[Site "http://www.queenalice.com/game.php?id=506751"]
[Date "2008.12.12"]
[Round "1"]
[White "fernandobecker"]
[Black "victor_diniz"]
[Result "1-0"]
[WhiteElo "1505"]
[BlackElo "1725"]

1. e4 c5 2. c4 Nc6 3. Nf3 d6 4. h3 Nf6 5. Nc3 g6 6. d3 Bg7 7. Bd2 Qb6 8. b3 e6
9. Na4 Qc7 10. Bc3 Bd7 11. Ng5 Nh5 12. Bxg7 Nxg7 13. Qf3 O-O 14. Qf4 Qa5+ 15.
Qd2 Qd8 16. h4 Nd4 17. Be2 b5 18. Nb2 b4 19. h5 Nxe2 20. Kxe2 e5 21. hxg6 fxg6
22. Rxh7 Nh5 23. f3 Nf4+ 24. Kd1 Bc8 25. Kc2 Qxg5 26. Rah1 Qd8 27. g3 Nh5 28.
Qh6 Qf6 29. g4 Ng7 30. g5 Qe7 31. Qxg6 1-0

[Event "Challenge"]
[Site "http://www.queenalice.com/game.php?id=508308"]
[Date "2008.12.16"]
[Round "-"]
[White "tiefox"]
[Black "fernandobecker"]
[Result "0-1"]
[WhiteElo "1100"]
[BlackElo "1518"]

1. c4 e5 2. e4 Qh4 3. g3 Qxe4+ 4. Ne2 Qxh1 5. Qb3 Qxh2 6. Qe3 f6 7. b4 Bxb4 8.
Bb2 b6 9. Nf4 Bc5 10. Qe2 Ne7 11. Nc3 Qxf2+ 12. Qxf2 Bxf2+ 13. Kxf2 exf4 14. Nb5
Kd8 15. gxf4 h5 16. Re1 a6 17. Nd4 Bb7 18. Bg2 Bxg2 19. Kxg2 h4 20. Kf2 c5 21.
Nb3 Nf5 22. Ba3 h3 23. Nxc5 bxc5 24. Bxc5 h2 25. Bb6+ Kc8 26. Rh1 Rh3 27. Kg2
Rh8 28. Kf3 Nc6 29. Ke4 Ng3+ 30. Kd5 Nxh1 31. d4 Ng3 32. Kc5 h1=Q 33. d5 Rh5 34.
Kd6 Qe1 35. Kc5 Qb4# 0-1

[Event "Challenge"]
[Site "http://www.queenalice.com/game.php?id=509755"]
[Date "2008.12.18"]
[Round "-"]
[White "tiefox"]
[Black "fernandobecker"]
[Result "0-1"]
[WhiteElo "1081"]
[BlackElo "1551"]

1. e4 e5 2. Qh5 Nc6 3. c4 Nf6 4. Qg5 d6 5. Ne2 h6 6. Qh4 Be7 7. Nbc3 Ng4 8. h3
Bxh4 9. hxg4 Qf6 10. Nd5 Qxf2+ 0-1

[Event "Challenge"]
[Site "http://www.queenalice.com/game.php?id=512154"]
[Date "2008.12.24"]
[Round "-"]
[White "carloscolangelo"]
[Black "fernandobecker"]
[Result "1/2-1/2"]
[WhiteElo "1408"]
[BlackElo "1538"]

1. e4 e5 2. Nf3 Nc6 3. Bc4 Nf6 4. Ng5 Nxe4 5. Nxf7 Qf6 6. O-O Rg8 7. d3 d6 8.
Qh5 Kd7 9. dxe4 g6 10. Qxh7 Qg7 11. Qh3+ Ke8 12. Qf3 Nd8 13. Bh6 Qh7 14. Bg5 Ne6
15. Qf6 Qxf7 16. Qxf7+ Kxf7 17. Bxe6+ Bxe6 18. Nc3 Rh8 19. h3 Bxh3 20. gxh3 Rxh3
21. Kg2 Rh5 22. Be3 Be7 23. Rh1 Rg8 24. Rxh5 gxh5+ 25. Kf1 h4 26. Ke2 h3 27. f4
h2 28. fxe5 dxe5 29. Rh1 Rg2+ 30. Kf1 Rxc2 31. Nd5 Bd6 32. Bf2 Rxb2 33. Bg3 Rxa2
34. Rxh2 Rxh2 35. Bxh2 a5 36. Nc3 Bb4 37. Bxe5 Bxc3 38. Bxc3 a4 39. Be5 c5 40.
Bd6 c4 41. e5 c3 42. Ke1 c2 43. Ba3 b5 44. Kd2 Ke6 45. Kxc2 1/2-1/2

[Event "Challenge"]
[Site "http://www.queenalice.com/game.php?id=537513"]
[Date "2009.2.9"]
[Round "-"]
[White "fernandobecker"]
[Black "doomedbr"]
[Result "0-1"]
[WhiteElo "1529"]
[BlackElo "1739"]

1. e4 e6 2. c3 d6 3. g3 e5 4. Qa4+ c6 5. d3 Bd7 6. Qb3 Qc7 7. Nf3 Be7 8. Bg5 f6
9. Be3 Bg4 10. Qd1 d5 11. h3 Bxf3 12. Qxf3 d4 13. Qg4 Bc5 14. b4 Nh6 15. Qh5+
Nf7 16. Bxd4 Bxd4 17. cxd4 exd4 18. Be2 Nd7 19. f4 g6 20. Qh4 O-O-O 21. Na3 g5
22. Qh5 Nd6 23. O-O gxf4 24. Rxf4 Rdf8 0-1

[Event "Challenge"]
[Site "http://www.queenalice.com/game.php?id=539490"]
[Date "2009.2.13"]
[Round "-"]
[White "tiefox"]
[Black "fernandobecker"]
[Result "0-1"]
[WhiteElo "1016"]
[BlackElo "1533"]

1. e4 e5 2. Nf3 Nc6 3. c3 Nf6 4. Bd3 d6 5. Qb3 Na5 6. Qa4+ c6 7. Bc4 h6 8. Qc2
Nxc4 9. b3 Nb6 10. d4 exd4 11. Nxd4 Qe7 12. Nd2 Ng4 13. Nc4 Nxc4 14. bxc4 c5 15.
Nb5 g5 16. O-O Qe6 17. Nd4 Qxc4 18. Rd1 cxd4 19. Rb1 dxc3 20. h3 h5 21. Bxg5 Qc5
22. Qa4+ Bd7 23. Rxb7 Bxa4 24. Rf1 Qxg5 25. hxg4 hxg4 0-1

[Event "Pension Plan"]
[Site "http://www.queenalice.com/game.php?id=539502"]
[Date "2009.2.13"]
[Round "-"]
[White "angeloagra"]
[Black "fernandobecker"]
[Result "0-1"]
[WhiteElo "1487"]
[BlackElo "1535"]

1. d4 h6 2. e4 d5 3. Nc3 c6 4. Bf4 g6 5. Nf3 Bg4 6. h3 Bxf3 7. Qxf3 Bg7 8. e5 e6
9. b4 a6 10. Bd3 a5 11. b5 a4 12. h4 h5 13. Rb1 Qb6 14. Qe3 Qa5 15. Be2 Bf8 16.
Qd3 Nh6 17. Bd2 Qb6 18. bxc6 Qxc6 19. Qe3 Nf5 20. Qf3 Nxd4 21. Qe3 Nxc2+ 22. Kd1
Nxe3+ 23. Bxe3 Qxc3 24. Rc1 Qxe5 25. Bb5+ Nc6 26. Rxc6 bxc6 27. Bxc6+ Ke7 28.
Bxa8 Bh6 29. Bc5+ Kf6 30. Bb7 Qa1+ 0-1

[Event "Sideshow Bob"]
[Site "http://www.queenalice.com/game.php?id=542193"]
[Date "2009.2.18"]
[Round "-"]
[White "fernandobecker"]
[Black "carloscolangelo"]
[Result "0-1"]
[WhiteElo "1549"]
[BlackElo "1447"]

1. e4 e5 2. d4 exd4 3. Qxd4 Nc6 4. Qd2 Bc5 5. b4 Bxb4 6. c3 Ba5 7. Na3 Nf6 8. f3
O-O 9. Nc4 d5 10. Nxa5 Nxa5 11. e5 Re8 12. Qd4 Nc6 13. Qd3 Rxe5+ 14. Be3 Bf5 15.
Qe2 Qe8 16. Kf2 d4 17. cxd4 Nxd4 18. Rd1 Nxe2 0-1

[Event "Oh no, here it comes again"]
[Site "http://www.queenalice.com/game.php?id=543007"]
[Date "2009.2.19"]
[Round "-"]
[White "angeloagra"]
[Black "fernandobecker"]
[Result "1-0"]
[WhiteElo "1487"]
[BlackElo "1521"]

1. d4 d5 2. c4 Nf6 3. cxd5 Nxd5 4. e4 a6 5. exd5 Qxd5 6. Nc3 Qa5 7. Be3 e6 8. a3
c6 9. Nf3 Bd6 10. Bd3 Nd7 11. O-O Nf6 12. h3 1-0

[Event "SAP SL Chess III"]
[Site "http://www.queenalice.com/game.php?id=549276"]
[Date "2009.3.2"]
[Round "2"]
[White "oscardias"]
[Black "fernandobecker"]
[Result "1-0"]
[WhiteElo "1717"]
[BlackElo "1504"]

1. e4 e5 2. Nf3 Nc6 3. d4 f6 4. d5 Nd4 5. Nxd4 exd4 6. Qxd4 c5 7. Qc3 b6 8. Be2
a5 9. Na3 Ba6 10. Bxa6 Rxa6 11. Bf4 Qc8 12. Nb5 c4 13. Bd6 Ne7 14. Nc7+ Kd8 15.
Nxa6 Qxa6 16. O-O Nxd5 17. exd5 1-0